000 00578nam a2200181 a 4500
001 000029409
005 20200930055529.0
008 110415s199- dr r 000 f spa d
040 _aDO-SdBNP
_bspa
_cBNPHU
082 _axxxx
_bG939b
100 1 _aGuevara, Nicolás
_922224
245 1 0 _aBreves motivos :
_bdesde una esquina /
_cNicolás Guevara.
250 _a2a ed.
260 _a[Santo Domingo] :
_b[s.n.],
_c[199-?].
_f(Impresos Vargas)
300 _a43 p. ;
_c21 cm.
500 _aIncluye datos biográficos del autor en la contracubierta.
590 _aInventariado, 2018/BT
999 _c28901
_d28901